000 00892nam a2200193 i 4500
001 187898
003 ES-MaACL
005 20230906223044.0
008 180320s1899 xxk |||| | eng d
110 0 _aGran Bretaña.
_bForeign Office.
_94480
245 1 0 _aDominican Republic
_b: report for the year ending march,1899 on the trade of the Republic of Santo Domingo : reference to previous report, annual series nº 1373 / presented to both Houses of Parliament by command of Her Majesty, july 1899.
260 _aLondon :
_bForeing Office,
_c1899.
300 _a6 p. ;
_c25 cm.
490 1 _aDiplomatic and consular reports. Annual series ;
_v2313
651 4 _aRepublica Dominicana-
_xComercio exterior.
_9164419
830 0 _aDiplomatic and consular reports. Annual series ;
_v2313
_9192842
852 _aES-MaACL
_jT-954-F-5
_z.- Legado de González del Campillo
999 _c187898
_d187898